Nghiên cứu tổng hợp hạt Nano chitosan ứng dụng cho vận truyền insulin (Luận văn tốt nghiệp cao học. Ngành: Hóa hữu cơ)

Nghiên cứu tổng hợp hạt nano chitosan bằng phương pháp gel hóa, kết hợp khảo sát các yếu tố tối ưu: nồng độ chitosan, pH của môi trường thích hợp để ứng dụng trong việc dãn truyền isulin, 1 loại thuốc dùng trong điều trị tiểu đường...

Полное описание

Сохранить в:
Библиографические подробности
Главный автор: Bùi, Nguyễn Hồng Châu
Формат:
Язык:Undetermined
Опубликовано: Cần Thơ Đại học Cần Thơ 2014
Предметы:
Метки: Добавить метку
Нет меток, Требуется 1-ая метка записи!
Thư viện lưu trữ: Trung tâm Học liệu Trường Đại học Cần Thơ
LEADER 01271nam a2200217Ia 4500
001 CTU_197989
008 210402s9999 xx 000 0 und d
082 |a 547.2 
082 |b Ch125 
088 |a 60440114 
100 |a Bùi, Nguyễn Hồng Châu 
245 0 |a Nghiên cứu tổng hợp hạt Nano chitosan ứng dụng cho vận truyền insulin 
245 0 |b (Luận văn tốt nghiệp cao học. Ngành: Hóa hữu cơ) 
245 0 |c Bùi Nguyễn Hồng Châu; Đoàn Văn Hồng Thiện (Cán bộ hướng dẫn) 
260 |a Cần Thơ 
260 |b Đại học Cần Thơ 
260 |c 2014 
520 |a Nghiên cứu tổng hợp hạt nano chitosan bằng phương pháp gel hóa, kết hợp khảo sát các yếu tố tối ưu: nồng độ chitosan, pH của môi trường thích hợp để ứng dụng trong việc dãn truyền isulin, 1 loại thuốc dùng trong điều trị tiểu đường 
650 |a Tổng hợp nano chitosan,Hóa hữu cơ,Chemistry, organic,Nano chitosan,Hoá hữu cơ 
910 |a Nguyên (Nguyễn Thị Mỹ Linh) 
980 |a Trung tâm Học liệu Trường Đại học Cần Thơ